000 00466cam a2200181ua 4500
001 480
008 110406n ii |||gr||||Z||||||eng
020 _a81-8205-223-8
040 _cMAIN
082 _a320
245 1 _aAcademic dictionary of political science
250 _bedited by ramesh Chopra.
260 _aDelhi:
_bIsha books,
_c2005.
300 _a314p:5cm.
653 _aPolitical science
653 _aAcademic dictionary of political science
942 _cBK
999 _c421
_d421